Renovadas formas de hacer oposicin̤

Detalles Bibliográficos
Autor Corporativo: Editorial Universidad de Rosario (Colombia)
Formato: Libro
Lenguaje:español
Publicado: Colombia Editorial Universidad de Rosario (Colombia) 2013
Materias:
Acceso en línea:Acceso restringido

MARC

LEADER 00000nam a22000007a 4500
005 20160518152239.0
007 cr|||| ||u|
008 160518s2013 ck ||||| |||| 00||0 spa d
020 |a 978-958-738-421-5 
035 |a 14210 
040 |a vLex  
090 |c 6078  |d 6078 
245 1 0 |a  Renovadas formas de hacer oposicin̤  |h [Recurso electrn̤ico] /  |c Editorial Universidad de Rosario (Colombia) 
256 |a Servicio en ln̕ea  
260 |a Colombia  |b Editorial Universidad de Rosario (Colombia)  |c 2013 
300 |a 1 recurso electrn̤ico (351 Pg̀inas) 
506 1 |a Contenido solo disponible en los productos indicados  |d vLex Global  |d vLex Global (Academic Edition, excluding Law Schools)  |d vLex Global (U.S. Academic Edition, Law Schools)  |d vLex Global (U.S. Academic Edition, excluding Law Schools)  |d vLex Global (Academic Edition, Law Schools) 
650 0 4 |a Derecho  |z Colombia  
710 |a Editorial Universidad de Rosario (Colombia) 
740 0 |a vLex libros (servicio en ln̕ea)  
856 4 0 |u http://vlex.com/source/renovadas-formas-hacer-oposicion-14210  |z Acceso restringido  
942 |c BOOK 
999 0 |a Law  |b Colombia